000 01034nam a22003137a 4500
001 95
003 FISKH
005 20230223092611.0
008 230223b cb ||||| |||| 00| 0 eng d
010 _a 2008936185
020 _a9780763634445 (alk. paper)
040 _aDLC
_cDLC
_beng
_dFISKH
042 _alcac
050 0 0 _aPZ8.3.R2473
_bFe 2009
082 0 0 _a813.6
_222
100 1 _aRedmond, E. S.
245 1 0 _aFelicity Floo visits the zoo /
_cE.S. Redmond.
250 _a1st ed.
260 _aSomerville, Mass. :
_bCandlewick Press,
_c2009.
300 _a16 leaves of plates
_bcol. ill. ;
_c21 cm.
520 _aA little girl has the sniffles and a runny nose but no tissue and nonetheless visits and pets all the animals at the zoo, giving them something that they would rather not have.
521 8 _a600
_bLexile
521 8 _aL
_bRaz-Plus
650 1 _aStories in rhyme.
650 1 _aZoo animals
_vFiction.
650 1 _aSick
_vFiction.
906 _a7
_bcbc
_corignew
_d2
_eepcn
_f20
_gy-gencatlg
942 _2ddc
_cBK
_n0
999 _c95
_d95